000 00381nam a2200133Ia 4500
003 GCL
008 140319s9999 xx 000 0 ara d
040 _aGCL /
_cGCL
082 0 4 _a361.2
_bس ت
100 1 _aسميرة كامل محمد على
245 1 0 _aالتخطيط من اجل التنمية /
_cسميرة كامل محمد على
300 _a285
490 _a100 قصة
_v0
999 _c43354
_d43354